| 000 | 01007cam a22003017a 4500 | ||
|---|---|---|---|
| 003 | CHAP | ||
| 005 | 20220329134547.0 | ||
| 008 | 971013s1974 r 10010 d | ||
| 010 | _a22222 | ||
| 011 | _a23194 | ||
| 035 | _a27289 | ||
| 040 | _cCHAP | ||
| 090 | _aFolleto 3006 (1974) | ||
| 111 | 0 | 0 |
_aColoquio sobre Paleobotánica y Palinología en México ( _n2 _d: 1974 _c: México, D.F.) _925451 |
| 245 | 0 | _aPrograma de resúmenes de los trabajos | |
| 260 |
_aMéxico : _bUniversidad Nacional Autónoma de México. Instituto de Geología, _c(1974) |
||
| 300 | _as.p. | ||
| 590 |
_aBATCH-UPD _b10 _c20130110 _lUCH01 _h1115 |
||
| 590 |
_aBATCH-UPD _b10 _c20130410 _lUCH01 _h0706 |
||
| 590 |
_aBATCH-UPD _b10 _c20130914 _lUCH01 _h1856 |
||
| 590 |
_aCONVERSION _b10 _c20130109 _lUCH01 _h1313 |
||
| 650 | 1 | 4 |
_aPaleobotánica. _984896 |
| 650 | 1 | 4 |
_aPaleobotánica _xMéxico. _984899 |
| 650 | 1 | 4 |
_aPolen. _990208 |
| 901 | _aBK | ||
| 942 | _cFOLL | ||
| 949 |
_aFolleto 3006 (1974) _bBC _cFOLL _d-63207 _eTS1 _i27289 _mD _si |
||
| 999 |
_c22222 _d22222 |
||